000 00562nam a22001937a 4500
008 131111b xxu||||| |||| 00| 0 ger d
020 _a3854283504
041 0 _ager
080 _a336
245 0 0 _aInterne Revision : Financial Audit Dolose Handlung
260 _aWien :
_bService Fachverlag ;
_c1996.
300 _a109 f. ;
_c24 cm.
490 _aArbeitsgemeinschaft Interne Revision
_v12
500 _aVorwort : f. I
505 _aLiteraturverzeichnis : f. 103 - 109
650 _aFinanca
650 _aKontrolli (Revizioni) i llogarisë
942 _2udc
_cBK
999 _c256
_d256